Loading...
| Literature - World Literature | 2 | 4 | 1 | 1 | 65 | 28 | 69.17 | 3 | 5 |
| Literature - European Literature | 2 | 4 | 2 | 0 | 60 | 46 | 72.50 | 2 | 6 |
| Fine Arts - Other Arts | 2 | 3 | 0 | 0 | 60 | 19 | 63.80 | 3 | 4 |
| Literature - British Literature | 3 | 2 | 1 | 0 | 60 | 35 | 78.20 | 1 | 4 |
| Literature - American Literature | 2 | 4 | 3 | 0 | 55 | 25 | 77.50 | 2 | 6 |
| Auditory Arts | 0 | 5 | 0 | 1 | 50 | 104 | 111.60 | 0 | 2 |
| Visual Arts | 2 | 3 | 2 | 0 | 50 | 80 | 96.40 | 3 | 5 |
| Social Science | 0 | 6 | 3 | 1 | 45 | 88 | 112.83 | 1 | 3 |
| Beliefs | 0 | 3 | 0 | 0 | 30 | 100 | 121.67 | 1 | 2 |
| History - Other History | 0 | 3 | 0 | 0 | 30 | 72 | 93.33 | 2 | 2 |
| History - World History | 0 | 3 | 0 | 1 | 30 | 97 | 102.00 | 0 | 2 |
| Other Academic | 0 | 2 | 0 | 0 | 20 | 91 | 99.50 | 0 | 1 |
| Philosophy | 0 | 3 | 2 | 1 | 20 | 74 | 98.00 | 1 | 3 |
| History - European History | 0 | 1 | 0 | 0 | 10 | 95 | 95.00 | 0 | 1 |
| History - American History | 0 | 2 | 2 | 0 | 10 | 88 | 95.50 | 1 | 1 |
| Current Events | 0 | 1 | 0 | 1 | 10 | 124 | 124.00 | 0 | 0 |
| Science - Chemistry | 0 | 1 | 0 | 1 | 10 | 119 | 119.00 | 0 | 0 |
| History - Ancient History | 0 | 0 | 0 | 0 | 0 | 0.00 | 0 | 0 | |
| Geography | 0 | 0 | 1 | 0 | -5 | 0.00 | 0 | 0 |